Adjudicación de publicidad oficial: los límites que deben respetarse /

Gorde:
Xehetasun bibliografikoak
Egile nagusia: Weberling, Johannes
Formatua: Texto
Gaiak:
Etiketak: Etiketa erantsi
Etiketarik gabe, Izan zaitez lehena erregistro honi etiketa jartzen!

MARC

LEADER 00000 a a2200000 04500
001 5036
003
040
100 |a Weberling, Johannes  
245 |a Adjudicación de publicidad oficial:   |b los límites que deben respetarse /  |c Johannes Weberling 
650 |a GOBIERNO  
650 |a POLITICA  
650 |a RELACIONES PUBLICAS  
650 |a CONSTITUCIONES  
773 |g volumen 24, número 3; páginas 119-129  
999 |c 22499  |d 22499